[Event "2nd Turkish League 2017"]
[Site "Konya"]
[Date "2017.07.18"]
[Round "3"]
[White "Alaz, Ahmet Efekan"]
[Black "Ozgur, Isa"]
[Result "1/2-1/2"]
[WhiteElo "2015"]
[BlackElo "1904"]
[Annotator "NA"]
[PlyCount "46"]
[EventType "team-tourn"]
[EventCountry "TUR"]
[SourceTitle "playchess.com"]
[Source "ChessBase"]
[SourceQuality "1"]
[TimeControl "5400+30"]

1. d4 {[%emt 0:00:30]} Nf6 {[%emt 0:01:00]} 2. Nf3 {[%emt 0:00:30]} c5 {[%emt 0:00:30]} 3. e3 {[%emt 0:00:00]} g6 {[%emt 0:03:30]} 4. c3 {[%emt 0:01:00]} b6 {[%emt 0:02:30]} 5. Nbd2 {[%emt 0:00:30]} Bg7 {[%emt 0:01:30]} 6. Bd3 {[%emt 0:00:30]} Bb7 {[%emt 0:00:30]} 7. O-O {[%emt 0:00:30]} O-O {[%emt 0:00:00]} 8. Re1 {[%emt 0:01:30]} d5 {[%emt 0:01:00]} 9. a4 {[%emt 0:02:30]} Nc6 {[%emt 0:01:30]} 10. Rb1 {[%emt 0:05:30]} a5 {[%emt 0:06:30]} 11. Ne5 {[%emt 0:09:30]} Nxe5 {[%emt 0:06:30]} 12. dxe5 {[%emt 0:00:30]} Ne4 {[%emt 0:00:00]} 13. f4 {[%emt 0:01:30]} Nxd2 {[%emt 0:05:00]} 14. Bxd2 {[%emt 0:01:30]} f6 {[%emt 0:01:30]} 15. exf6 {[%emt 0:03:30]} Bxf6 {[%emt 0:04:30]} 16. Qg4 {[%emt 0:15:30]} Qd6 {[%emt 0:06:30]} 17. Rbd1 {[%emt 0:04:30]} e5 {[%emt 0:04:30]} 18. Bxg6 {[%emt 0:06:30]} hxg6 {[%emt 0:00:30]} 19. Qxg6+ {[%emt 0:00:30]} Kh8 {[%emt 0:00:00]} 20. Qh6+ {[%emt 0:04:30]} Kg8 {[%emt 0:00:00]} 21. Qg6+ {[%emt 0:02:30]} Kh8 {[%emt 0:00:30]} 22. Qh6+ {[%emt 0:00:00]} Kg8 {[%emt 0:00:30]} 23. Qg6+ {[%emt 0:00:00]} Kh8 {[%emt 0:00:30]} 1/2-1/2

[Event "2nd Turkish League 2017"]
[Site "Konya"]
[Date "2017.07.18"]
[Round "3"]
[White "Okay, Ilkin Ege"]
[Black "Doner, Mustafa"]
[Result "1-0"]
[WhiteElo "1973"]
[BlackElo "1879"]
[Annotator "NA"]
[PlyCount "61"]
[EventType "team-tourn"]
[EventCountry "TUR"]
[SourceTitle "playchess.com"]
[Source "ChessBase"]
[SourceQuality "1"]
[TimeControl "5400+30"]

1. e4 {[%emt 0:00:30]} c5 {[%emt 0:01:00]} 2. Nf3 {[%emt 0:00:30]} d6 {[%emt 0:00:00]} 3. d4 {[%emt 0:00:00]} cxd4 {[%emt 0:00:00]} 4. Nxd4 {[%emt 0:00:00]} Nf6 {[%emt 0:00:30]} 5. Nc3 {[%emt 0:00:30]} a6 {[%emt 0:00:30]} 6. Bc4 {[%emt 0:00:30]} e6 {[%emt 0:00:30]} 7. Bb3 {[%emt 0:00:00]} Nbd7 {[%emt 0:00:00]} 8. Bg5 {[%emt 0:00:00]} Nc5 {[%emt 0:07:00]} 9. f3 {[%emt 0:02:30]} b5 {[%emt 0:00:30]} 10. Qd2 {[%emt 0:02:30]} Bb7 {[%emt 0:00:30]} 11. O-O-O {[%emt 0:01:30]} Qc7 {[%emt 0:00:30]} 12. Kb1 {[%emt 0:01:30]} O-O-O {[%emt 0:06:30]} 13. Bh4 {[%emt 0:11:30]} Be7 {[%emt 0:07:30]} 14. Bg3 {[%emt 0:00:30]} Qb6 {[%emt 0:03:30]} 15. Rhe1 {[%emt 0:03:30]} Nfd7 {[%emt 0:05:30]} 16. Re3 {[%emt 0:27:30]} g5 {[%emt 0:08:30]} 17. Bf2 {[%emt 0:02:30]} Ne5 {[%emt 0:02:30]} 18. Qe2 {[%emt 0:00:30]} Rhg8 {[%emt 0:09:30]} 19. g3 {[%emt 0:03:30]} Nc6 {[%emt 0:07:30]} 20. Nxc6 {[%emt 0:06:30]} Qxc6 {[%emt 0:03:30]} 21. Bd5 {[%emt 0:00:30]} Qc7 {[%emt 0:03:30]} 22. Bxb7+ {[%emt 0:00:30]} Kxb7 {[%emt 0:00:30]} 23. Rd4 {[%emt 0:07:30]} Qc6 {[%emt 0:20:56]} 24. b4 {[%emt 0:04:30]} e5 {[%emt 0:07:11]} 25. Rd1 {[%emt 0:03:30]} Ne6 {[%emt 0:00:05]} 26. Nd5 {[%emt 0:00:30]} Qd7 {[%emt 0:02:06]} 27. Rc3 {[%emt 0:00:33]} Rc8 {[%emt 0:01:19]} 28. Qe3 {[%emt 0:02:23]} Nd4 {[%emt 0:01:19]} 29. Rxd4 {[%emt 0:00:18]} exd4 {[%emt 0:01:38]} 30. Qxd4 {[%emt 0:00:30]} Rxc3 {[%emt 0:00:30]} 31. Qa7+ {[%emt 0:00:00]} 1-0

[Event "2nd Turkish League 2017"]
[Site "Konya"]
[Date "2017.07.18"]
[Round "3"]
[White "Gazioglu, Halit"]
[Black "Buker, Muhittin"]
[Result "0-1"]
[WhiteElo "1922"]
[BlackElo "2006"]
[Annotator "NA"]
[PlyCount "67"]
[EventType "team-tourn"]
[EventCountry "TUR"]
[SourceTitle "playchess.com"]
[Source "ChessBase"]
[SourceQuality "1"]
[TimeControl "5400+30"]

1. d4 {[%emt 0:00:30]} Nf6 {[%emt 0:01:00]} 2. c4 {[%emt 0:00:30]} e6 {[%emt 0:00:30]} 3. Nc3 {[%emt 0:00:30]} Bb4 {[%emt 0:00:00]} 4. Qc2 {[%emt 0:00:00]} c5 {[%emt 0:00:00]} 5. e3 {[%emt 0:04:00]} O-O {[%emt 0:01:30]} 6. Nf3 {[%emt 0:00:30]} Nc6 {[%emt 0:00:30]} 7. Bd3 {[%emt 0:00:30]} d5 {[%emt 0:01:30]} 8. dxc5 {[%emt 0:04:30]} e5 {[%emt 0:11:30]} 9. cxd5 {[%emt 0:02:30]} Qxd5 {[%emt 0:00:30]} 10. Bd2 {[%emt 0:19:30]} Bxc3 {[%emt 0:01:30]} 11. Qxc3 {[%emt 0:00:30]} Be6 {[%emt 0:08:30]} 12. Bc2 {[%emt 0:02:30]} e4 {[%emt 0:01:30]} 13. Nd4 {[%emt 0:01:30]} Qh5 {[%emt 0:11:30]} 14. Nxc6 {[%emt 0:02:30]} bxc6 {[%emt 0:00:30]} 15. Bd1 {[%emt 0:18:30]} Qg5 {[%emt 0:04:30]} 16. Rg1 {[%emt 0:03:30]} Rfd8 {[%emt 0:02:30]} 17. Be2 {[%emt 0:00:00]} Rd5 {[%emt 0:00:30]} 18. b4 {[%emt 0:01:00]} Ng4 {[%emt 0:03:30]} 19. Qc2 {[%emt 0:07:30]} Nxf2 {[%emt 0:00:30]} 20. Kxf2 {[%emt 0:01:30]} Qf6+ {[%emt 0:01:30]} 21. Bf3 {[%emt 0:00:30]} exf3 {[%emt 0:01:30]} 22. gxf3 {[%emt 0:00:30]} Rh5 {[%emt 0:13:30]} 23. Qc3 {[%emt 0:08:59]} Rxh2+ {[%emt 0:01:30]} 24. Ke1 {[%emt 0:06:04]} Qh4+ {[%emt 0:00:30]} 25. Kd1 {[%emt 0:00:30]} g6 {[%emt 0:00:00]} 26. Be1 {[%emt 0:06:09]} Rd8+ {[%emt 0:02:00]} 27. Kc1 {[%emt 0:00:06]} Qh5 {[%emt 0:00:30]} 28. Bg3 {[%emt 0:03:38]} Re2 {[%emt 0:01:30]} 29. Qf6 {[%emt 0:00:17]} Qd5 {[%emt 0:03:30]} 30. Qc3 {[%emt 0:03:21]} Qxf3 {[%emt 0:00:30]} 31. Bf4 {[%emt 0:01:46]} Bf5 {[%emt 0:00:30]} 32. Qf6 {[%emt 0:00:55]} Rc2+ {[%emt 0:01:30]} 33. Kb1 {[%emt 0:00:48]} Rh2+ {[%emt 0:00:30]} 34. Kc1 {[%emt 0:00:06]} 0-1

[Event "2nd Turkish League 2017"]
[Site "Konya"]
[Date "2017.07.18"]
[Round "3"]
[White "Aktas, Ilker"]
[Black "Seyhanoglu, Deniz"]
[Result "0-1"]
[WhiteElo "1905"]
[BlackElo "2049"]
[Annotator "NA"]
[PlyCount "70"]
[EventType "team-tourn"]
[EventCountry "TUR"]
[SourceTitle "playchess.com"]
[Source "ChessBase"]
[SourceQuality "1"]
[TimeControl "5400+30"]

1. e4 {[%emt 0:00:30]} c5 {[%emt 0:01:00]} 2. Nf3 {[%emt 0:00:30]} e6 {[%emt 0:00:00]} 3. d4 {[%emt 0:00:00]} cxd4 {[%emt 0:00:00]} 4. Nxd4 {[%emt 0:00:00]} a6 {[%emt 0:00:00]} 5. Nc3 {[%emt 0:00:30]} b5 {[%emt 0:00:00]} 6. Bd3 {[%emt 0:00:30]} Bb7 {[%emt 0:00:30]} 7. O-O {[%emt 0:01:30]} d6 {[%emt 0:00:30]} 8. Qe2 {[%emt 0:01:30]} Nd7 {[%emt 0:01:30]} 9. Kh1 {[%emt 0:02:30]} Ngf6 {[%emt 0:00:30]} 10. Bg5 {[%emt 0:01:30]} Be7 {[%emt 0:02:30]} 11. f4 {[%emt 0:01:30]} Qb6 {[%emt 0:07:30]} 12. Nf3 {[%emt 0:02:30]} b4 {[%emt 0:03:30]} 13. Nd1 {[%emt 0:01:30]} Nc5 {[%emt 0:21:30]} 14. Nf2 {[%emt 0:05:30]} Nxd3 {[%emt 0:07:30]} 15. cxd3 {[%emt 0:00:30]} O-O {[%emt 0:00:30]} 16. Bxf6 {[%emt 0:09:30]} Bxf6 {[%emt 0:01:30]} 17. Ng4 {[%emt 0:01:30]} Be7 {[%emt 0:00:30]} 18. Ne3 {[%emt 0:08:30]} Qb5 {[%emt 0:06:30]} 19. f5 {[%emt 0:09:30]} Bxe4 {[%emt 0:03:30]} 20. Nc4 {[%emt 0:04:30]} d5 {[%emt 0:13:30]} 21. Nce5 {[%emt 0:08:30]} Bf6 {[%emt 0:08:30]} 22. Rad1 {[%emt 0:07:30]} Bxe5 {[%emt 0:03:00]} 23. Nxe5 {[%emt 0:00:30]} Bxf5 {[%emt 0:00:11]} 24. Rf4 {[%emt 0:03:30]} Rae8 {[%emt 0:02:53]} 25. h4 {[%emt 0:02:30]} f6 {[%emt 0:00:56]} 26. Nf3 {[%emt 0:01:30]} Bg6 {[%emt 0:01:40]} 27. Nd4 {[%emt 0:02:30]} Qb6 {[%emt 0:00:48]} 28. Nc2 {[%emt 0:04:33]} a5 {[%emt 0:00:02]} 29. h5 {[%emt 0:00:44]} Qc7 {[%emt 0:01:29]} 30. Rf2 {[%emt 0:00:32]} Bf7 {[%emt 0:00:49]} 31. Qg4 {[%emt 0:01:06]} Qe5 {[%emt 0:01:02]} 32. h6 {[%emt 0:00:55]} Qh5+ {[%emt 0:00:25]} 33. Qxh5 {[%emt 0:00:46]} Bxh5 {[%emt 0:00:02]} 34. hxg7 {[%emt 0:01:36]} Kxg7 {[%emt 0:00:51]} 35. Nd4 {[%emt 0:00:46]} Bxd1 {[%emt 0:00:38]} 0-1

[Event "2nd Turkish League 2017"]
[Site "Konya"]
[Date "2017.07.18"]
[Round "3"]
[White "Isik, Recep"]
[Black "Kerem, Halil Ozgun"]
[Result "0-1"]
[WhiteElo "1895"]
[BlackElo "2074"]
[Annotator "NA"]
[PlyCount "75"]
[EventType "team-tourn"]
[EventCountry "TUR"]
[SourceTitle "playchess.com"]
[Source "ChessBase"]
[SourceQuality "1"]
[TimeControl "5400+30"]

1. e4 {[%emt 0:00:30]} c5 {[%emt 0:01:00]} 2. Nf3 {[%emt 0:00:30]} d6 {[%emt 0:02:30]} 3. Bb5+ {[%emt 0:03:30]} Nd7 {[%emt 0:00:00]} 4. c4 {[%emt 0:01:30]} Ngf6 {[%emt 0:00:00]} 5. Nc3 {[%emt 0:00:30]} e6 {[%emt 0:00:30]} 6. O-O {[%emt 0:00:00]} Be7 {[%emt 0:00:30]} 7. d4 {[%emt 0:00:00]} cxd4 {[%emt 0:00:00]} 8. Nxd4 {[%emt 0:00:30]} O-O {[%emt 0:00:00]} 9. Bxd7 {[%emt 0:01:30]} Bxd7 {[%emt 0:00:30]} 10. b3 {[%emt 0:02:30]} a6 {[%emt 0:14:30]} 11. Qe2 {[%emt 0:04:30]} Qa5 {[%emt 0:05:30]} 12. Bb2 {[%emt 0:04:30]} Rfd8 {[%emt 0:14:30]} 13. Kh1 {[%emt 0:03:30]} Qh5 {[%emt 0:01:30]} 14. f3 {[%emt 0:18:30]} Be8 {[%emt 0:02:30]} 15. Rad1 {[%emt 0:31:30]} Rab8 {[%emt 0:08:30]} 16. a4 {[%emt 0:00:30]} Nd7 {[%emt 0:02:30]} 17. Qe3 {[%emt 0:14:10]} Nc5 {[%emt 0:02:30]} 18. f4 {[%emt 0:03:39]} Bf6 {[%emt 0:00:30]} 19. Nce2 {[%emt 0:06:31]} Qh6 {[%emt 0:20:30]} 20. Rf3 {[%emt 0:00:46]} b5 {[%emt 0:01:30]} 21. axb5 {[%emt 0:00:20]} axb5 {[%emt 0:00:00]} 22. b4 {[%emt 0:00:38]} Na4 {[%emt 0:01:00]} 23. Rh3 {[%emt 0:00:13]} Qg6 {[%emt 0:00:30]} 24. Rg3 {[%emt 0:00:12]} Nxb2 {[%emt 0:00:30]} 25. Rxg6 {[%emt 0:00:30]} Nxd1 {[%emt 0:00:30]} 26. Qg1 {[%emt 0:01:13]} hxg6 {[%emt 0:00:30]} 27. Qxd1 {[%emt 0:00:02]} bxc4 {[%emt 0:00:00]} 28. Qd2 {[%emt 0:01:10]} d5 {[%emt 0:02:00]} 29. e5 {[%emt 0:00:30]} Be7 {[%emt 0:00:30]} 30. Nc2 {[%emt 0:00:15]} Rb7 {[%emt 0:00:30]} 31. Nc1 {[%emt 0:00:47]} Rdb8 {[%emt 0:01:58]} 32. Na2 {[%emt 0:00:30]} Ra8 {[%emt 0:00:00]} 33. Nc1 {[%emt 0:00:19]} Ra4 {[%emt 0:00:30]} 34. g4 {[%emt 0:00:00]} Bxb4 {[%emt 0:00:33]} 35. Qd4 {[%emt 0:00:48]} Bf8 {[%emt 0:00:51]} 36. Kg2 {[%emt 0:00:43]} c3 {[%emt 0:00:57]} 37. Qxc3 {[%emt 0:00:39]} Rc4 {[%emt 0:00:17]} 38. Qd2 {[%emt 0:01:02]} 0-1

[Event "2nd Turkish League 2017"]
[Site "Konya"]
[Date "2017.07.18"]
[Round "3"]
[White "Uyanik, Ulas"]
[Black "Koc, Dogan Mehmet"]
[Result "1-0"]
[WhiteElo "1861"]
[BlackElo "1712"]
[Annotator "NA"]
[PlyCount "61"]
[EventType "team-tourn"]
[EventCountry "TUR"]
[SourceTitle "playchess.com"]
[Source "ChessBase"]
[SourceQuality "1"]
[TimeControl "5400+30"]

1. c4 {[%emt 0:00:30]} c6 {[%emt 0:01:00]} 2. Nf3 {[%emt 0:01:30]} d5 {[%emt 0:00:30]} 3. b3 {[%emt 0:06:30]} Nf6 {[%emt 0:02:30]} 4. Bb2 {[%emt 0:00:30]} Bf5 {[%emt 0:00:30]} 5. d3 {[%emt 0:05:30]} e6 {[%emt 0:02:30]} 6. Nbd2 {[%emt 0:00:30]} Bd6 {[%emt 0:01:30]} 7. Qc2 {[%emt 0:03:30]} Nbd7 {[%emt 0:04:30]} 8. cxd5 {[%emt 0:03:30]} exd5 {[%emt 0:03:30]} 9. g3 {[%emt 0:12:30]} O-O {[%emt 0:00:30]} 10. Bg2 {[%emt 0:00:00]} Re8 {[%emt 0:00:30]} 11. Nd4 {[%emt 0:03:00]} Bg6 {[%emt 0:01:30]} 12. O-O {[%emt 0:04:30]} Bc5 {[%emt 0:03:30]} 13. N2f3 {[%emt 0:01:30]} Qb6 {[%emt 0:01:30]} 14. a3 {[%emt 0:01:30]} a5 {[%emt 0:05:30]} 15. Bc3 {[%emt 0:00:30]} Bxd4 {[%emt 0:05:30]} 16. Bxd4 {[%emt 0:00:30]} c5 {[%emt 0:00:30]} 17. Bxf6 {[%emt 0:00:30]} Nxf6 {[%emt 0:01:30]} 18. Nh4 {[%emt 0:03:30]} Qd6 {[%emt 0:08:30]} 19. Nxg6 {[%emt 0:00:30]} hxg6 {[%emt 0:00:30]} 20. e4 {[%emt 0:04:30]} a4 {[%emt 0:04:30]} 21. bxa4 {[%emt 0:03:30]} g5 {[%emt 0:05:30]} 22. exd5 {[%emt 0:06:30]} Ra5 {[%emt 0:03:30]} 23. Rab1 {[%emt 0:00:30]} b6 {[%emt 0:00:30]} 24. Qb3 {[%emt 0:04:30]} Nd7 {[%emt 0:00:30]} 25. Rfe1 {[%emt 0:02:30]} Rea8 {[%emt 0:01:30]} 26. Bh3 {[%emt 0:03:30]} Rxa4 {[%emt 0:02:30]} 27. Bxd7 {[%emt 0:03:30]} Qxd7 {[%emt 0:00:30]} 28. Qxb6 {[%emt 0:00:30]} Qxd5 {[%emt 0:00:30]} 29. Rbc1 {[%emt 0:04:43]} Rxa3 {[%emt 0:06:30]} 30. Rxc5 {[%emt 0:03:18]} Qd4 {[%emt 0:02:30]} 31. Rc8+ {[%emt 0:01:13]} 1-0

[Event "2nd Turkish League 2017"]
[Site "Konya"]
[Date "2017.07.18"]
[Round "3"]
[White "Altunbay, Onder"]
[Black "Batmaz, Onur Utku"]
[Result "1/2-1/2"]
[WhiteElo "1830"]
[BlackElo "1562"]
[Annotator "NA"]
[PlyCount "81"]
[EventType "team-tourn"]
[EventCountry "TUR"]
[SourceTitle "playchess.com"]
[Source "ChessBase"]
[SourceQuality "1"]
[TimeControl "5400+30"]

1. e4 {[%emt 0:00:30]} c5 {[%emt 0:01:00]} 2. Nf3 {[%emt 0:00:30]} g6 {[%emt 0:00:30]} 3. d4 {[%emt 0:00:00]} cxd4 {[%emt 0:00:30]} 4. Nxd4 {[%emt 0:00:00]} Bg7 {[%emt 0:00:00]} 5. c4 {[%emt 0:00:30]} Nc6 {[%emt 0:00:00]} 6. Be3 {[%emt 0:01:30]} Nf6 {[%emt 0:00:30]} 7. Nc3 {[%emt 0:00:30]} O-O {[%emt 0:00:00]} 8. Be2 {[%emt 0:01:30]} d6 {[%emt 0:00:00]} 9. O-O {[%emt 0:01:30]} Bd7 {[%emt 0:02:30]} 10. Rc1 {[%emt 0:11:30]} Nxd4 {[%emt 0:05:30]} 11. Bxd4 {[%emt 0:00:30]} Bc6 {[%emt 0:02:30]} 12. f3 {[%emt 0:00:30]} Nd7 {[%emt 0:01:30]} 13. Bxg7 {[%emt 0:01:30]} Kxg7 {[%emt 0:00:30]} 14. Qd2 {[%emt 0:01:30]} Rc8 {[%emt 0:13:30]} 15. Kh1 {[%emt 0:01:30]} a6 {[%emt 0:00:30]} 16. Qd4+ {[%emt 0:06:30]} Kg8 {[%emt 0:00:30]} 17. Rfd1 {[%emt 0:01:30]} Qb6 {[%emt 0:06:30]} 18. Qd2 {[%emt 0:00:30]} Nc5 {[%emt 0:08:30]} 19. b3 {[%emt 0:03:30]} Rfe8 {[%emt 0:05:30]} 20. Nd5 {[%emt 0:04:30]} Bxd5 {[%emt 0:00:00]} 21. exd5 {[%emt 0:01:30]} a5 {[%emt 0:01:00]} 22. Re1 {[%emt 0:05:30]} Qb4 {[%emt 0:07:30]} 23. Rc2 {[%emt 0:09:30]} Qxd2 {[%emt 0:03:30]} 24. Rxd2 {[%emt 0:00:30]} Kf8 {[%emt 0:00:30]} 25. Kg1 {[%emt 0:00:30]} Rc7 {[%emt 0:01:30]} 26. Bf1 {[%emt 0:02:30]} Ra8 {[%emt 0:06:30]} 27. Kf2 {[%emt 0:01:30]} Kg7 {[%emt 0:03:30]} 28. Ke3 {[%emt 0:04:30]} h6 {[%emt 0:03:30]} 29. Kd4 {[%emt 0:00:30]} Kf6 {[%emt 0:01:30]} 30. Re3 {[%emt 0:03:30]} Rac8 {[%emt 0:02:30]} 31. g3 {[%emt 0:11:30]} Ra8 {[%emt 0:02:30]} 32. Be2 {[%emt 0:04:30]} Rac8 {[%emt 0:01:30]} 33. Bf1 {[%emt 0:02:00]} Ra8 {[%emt 0:00:00]} 34. f4 {[%emt 0:01:20]} h5 {[%emt 0:02:00]} 35. Be2 {[%emt 0:02:23]} Rh8 {[%emt 0:00:30]} 36. h3 {[%emt 0:03:06]} b6 {[%emt 0:00:49]} 37. Bd1 {[%emt 0:01:31]} Rhc8 {[%emt 0:04:31]} 38. Be2 {[%emt 0:00:39]} Rh8 {[%emt 0:00:30]} 39. Bd1 {[%emt 0:00:10]} Rhc8 {[%emt 0:01:26]} 40. Be2 {[%emt 0:00:08]} Rh8 {[%emt 0:06:57]} 41. Bd1 {[%emt 0:00:19]} 1/2-1/2

[Event "2nd Turkish League 2017"]
[Site "Konya"]
[Date "2017.07.18"]
[Round "3"]
[White "Suzan, Ufuk"]
[Black "Duman, Aydin"]
[Result "0-1"]
[WhiteElo "1813"]
[BlackElo "2056"]
[Annotator "NA"]
[PlyCount "112"]
[EventType "team-tourn"]
[EventCountry "TUR"]
[SourceTitle "playchess.com"]
[Source "ChessBase"]
[SourceQuality "1"]
[TimeControl "5400+30"]

1. e4 {[%emt 0:00:30]} c5 {[%emt 0:01:00]} 2. Nf3 {[%emt 0:00:30]} g6 {[%emt 0:00:30]} 3. d4 {[%emt 0:00:30]} cxd4 {[%emt 0:00:00]} 4. Nxd4 {[%emt 0:00:00]} Bg7 {[%emt 0:00:00]} 5. Nc3 {[%emt 0:00:00]} Nc6 {[%emt 0:00:30]} 6. Be3 {[%emt 0:00:00]} Nf6 {[%emt 0:00:00]} 7. Bc4 {[%emt 0:00:00]} Qa5 {[%emt 0:00:00]} 8. O-O {[%emt 0:00:00]} d6 {[%emt 0:00:00]} 9. h3 {[%emt 0:01:00]} O-O {[%emt 0:00:00]} 10. a3 {[%emt 0:02:30]} Bd7 {[%emt 0:00:00]} 11. f4 {[%emt 0:00:00]} Nxd4 {[%emt 0:12:00]} 12. Bxd4 {[%emt 0:00:00]} Bc6 {[%emt 0:00:30]} 13. Qd3 {[%emt 0:00:30]} Nd7 {[%emt 0:00:00]} 14. Bxg7 {[%emt 0:00:30]} Kxg7 {[%emt 0:00:00]} 15. Kh1 {[%emt 0:00:30]} Nf6 {[%emt 0:03:30]} 16. Rae1 {[%emt 0:03:30]} e6 {[%emt 0:08:30]} 17. Qxd6 {[%emt 0:03:30]} Rfd8 {[%emt 0:06:30]} 18. Qb4 {[%emt 0:00:30]} Qxb4 {[%emt 0:00:30]} 19. axb4 {[%emt 0:00:00]} Rd4 {[%emt 0:00:30]} 20. Bd3 {[%emt 0:07:00]} Rxb4 {[%emt 0:00:30]} 21. b3 {[%emt 0:00:30]} Rd8 {[%emt 0:01:30]} 22. Kh2 {[%emt 0:03:30]} Nd7 {[%emt 0:07:30]} 23. Bc4 {[%emt 0:03:30]} Nc5 {[%emt 0:10:30]} 24. Rf2 {[%emt 0:05:30]} a5 {[%emt 0:05:30]} 25. f5 {[%emt 0:03:30]} b5 {[%emt 0:04:30]} 26. Bf1 {[%emt 0:01:30]} a4 {[%emt 0:04:30]} 27. fxe6 {[%emt 0:05:30]} fxe6 {[%emt 0:00:30]} 28. bxa4 {[%emt 0:00:30]} bxa4 {[%emt 0:00:30]} 29. e5 {[%emt 0:01:30]} Rdd4 {[%emt 0:06:30]} 30. Rf6 {[%emt 0:06:30]} Rd2 {[%emt 0:04:30]} 31. Nb1 {[%emt 0:07:30]} Rxc2 {[%emt 0:01:30]} 32. Na3 {[%emt 0:01:30]} Ra2 {[%emt 0:00:30]} 33. Rc1 {[%emt 0:00:30]} Nd3 {[%emt 0:09:25]} 34. Rxc6 {[%emt 0:03:30]} Nxe5 {[%emt 0:00:17]} 35. Rcxe6 {[%emt 0:01:30]} Rxa3 {[%emt 0:00:10]} 36. Rf2 {[%emt 0:00:30]} Re3 {[%emt 0:01:15]} 37. Re7+ {[%emt 0:02:30]} Kh6 {[%emt 0:00:06]} 38. Ra7 {[%emt 0:00:30]} a3 {[%emt 0:00:09]} 39. Re2 {[%emt 0:12:30]} Rbb3 {[%emt 0:04:46]} 40. Rc2 {[%emt 0:01:30]} Rec3 {[%emt 0:02:20]} 41. Rxc3 {[%emt 0:09:01]} Rxc3 {[%emt 0:00:01]} 42. Kg1 {[%emt 0:01:07]} Nc6 {[%emt 0:00:46]} 43. Ra4 {[%emt 0:00:09]} Kg5 {[%emt 0:01:15]} 44. Bc4 {[%emt 0:02:51]} Ne5 {[%emt 0:01:01]} 45. Bg8 {[%emt 0:00:17]} h5 {[%emt 0:00:00]} 46. Kf1 {[%emt 0:00:37]} Nd3 {[%emt 0:01:09]} 47. Kg1 {[%emt 0:03:28]} h4 {[%emt 0:02:02]} 48. Rg4+ {[%emt 0:00:02]} Kh5 {[%emt 0:00:13]} 49. Kf1 {[%emt 0:02:10]} g5 {[%emt 0:00:30]} 50. Bf7+ {[%emt 0:00:22]} Kh6 {[%emt 0:00:06]} 51. Ra4 {[%emt 0:02:27]} Nf4 {[%emt 0:00:16]} 52. Ra6+ {[%emt 0:01:41]} Kg7 {[%emt 0:00:08]} 53. Ra7 {[%emt 0:00:00]} Kf6 {[%emt 0:00:36]} 54. Be8 {[%emt 0:00:22]} Rc1+ {[%emt 0:00:12]} 55. Kf2 {[%emt 0:00:30]} Rc2+ {[%emt 0:00:00]} 56. Kf1 {[%emt 0:00:20]} a2 {[%emt 0:00:13]} 0-1

[Event "2nd Turkish League 2017"]
[Site "Konya"]
[Date "2017.07.19"]
[Round "3"]
[White "Guney, Gamze Nur"]
[Black "Simsek, Meltem"]
[Result "1/2-1/2"]
[WhiteElo "1776"]
[BlackElo "1752"]
[Annotator "NA"]
[PlyCount "62"]
[EventType "team-tourn"]
[EventCountry "TUR"]
[SourceTitle "playchess.com"]
[Source "ChessBase"]
[SourceQuality "1"]
[TimeControl "5400+30"]

1. c4 {[%emt 0:00:30]} e5 {[%emt 0:01:00]} 2. Nc3 {[%emt 0:00:30]} Nc6 {[%emt 0:00:00]} 3. g3 {[%emt 0:00:00]} Bc5 {[%emt 0:00:00]} 4. Bg2 {[%emt 0:01:00]} d6 {[%emt 0:00:30]} 5. e3 {[%emt 0:00:00]} Nge7 {[%emt 0:05:30]} 6. Nge2 {[%emt 0:00:00]} O-O {[%emt 0:00:30]} 7. O-O {[%emt 0:00:30]} a6 {[%emt 0:07:30]} 8. Kh1 {[%emt 0:04:30]} f5 {[%emt 0:11:30]} 9. f4 {[%emt 0:04:30]} Ba7 {[%emt 0:18:30]} 10. a3 {[%emt 0:03:30]} Be6 {[%emt 0:02:30]} 11. Nd5 {[%emt 0:07:30]} Rb8 {[%emt 0:17:30]} 12. d3 {[%emt 0:07:30]} b5 {[%emt 0:01:30]} 13. b3 {[%emt 0:03:30]} Bf7 {[%emt 0:04:30]} 14. Qe1 {[%emt 0:18:30]} Nxd5 {[%emt 0:01:30]} 15. cxd5 {[%emt 0:00:30]} Ne7 {[%emt 0:00:00]} 16. e4 {[%emt 0:04:30]} fxe4 {[%emt 0:02:00]} 17. dxe4 {[%emt 0:01:30]} Bh5 {[%emt 0:00:30]} 18. Ra2 {[%emt 0:07:30]} Qd7 {[%emt 0:02:30]} 19. Ng1 {[%emt 0:06:30]} Rbe8 {[%emt 0:05:03]} 20. Nh3 {[%emt 0:06:30]} Bg4 {[%emt 0:01:14]} 21. f5 {[%emt 0:01:30]} c6 {[%emt 0:01:06]} 22. dxc6 {[%emt 0:03:17]} Nxc6 {[%emt 0:00:12]} 23. Nf2 {[%emt 0:01:16]} Bh5 {[%emt 0:00:27]} 24. Be3 {[%emt 0:03:08]} Nd4 {[%emt 0:00:54]} 25. b4 {[%emt 0:06:47]} Bf7 {[%emt 0:01:32]} 26. Rb2 {[%emt 0:00:16]} Bc4 {[%emt 0:00:44]} 27. Rg1 {[%emt 0:00:56]} d5 {[%emt 0:02:16]} 28. g4 {[%emt 0:01:14]} dxe4 {[%emt 0:05:05]} 29. Nxe4 {[%emt 0:00:48]} Bd5 {[%emt 0:00:24]} 30. Rd2 {[%emt 0:01:00]} Qb7 {[%emt 0:01:20]} 31. Bf2 {[%emt 0:01:40]} Rd8 {[%emt 0:02:00]} 1/2-1/2